Účtovanie zásob

Porovnanie účtovania a inventarizácie zásob podľa platnej úpravy Slovenskej Republiky s účtovným systémom zavedený v Českej republike.

Saved in:
Bibliographic Details
Main Author: Viglašová, Simona
Format: Book Chapter
Language:Slovak
Subjects:
Tags: Add Tag
No Tags, Be the first to tag this record!

MARC

LEADER 00000nla a2200000 4500
001 0239043
005 20240417075131.0
041 0 |a slo 
044 |a SK 
245 1 0 |a Účtovanie zásob  |c Simona Viglašová 
520 |a Porovnanie účtovania a inventarizácie zásob podľa platnej úpravy Slovenskej Republiky s účtovným systémom zavedený v Českej republike. 
610 2 0 |a účtovanie 
610 2 0 |a inventarizácia 
610 2 0 |a zásoby 
610 2 0 |a Slovensko 
610 2 0 |a Česko 
610 2 0 |a porovnanie medzinárodné 
100 1 |a Viglašová, Simona